Normal view
MARC view
Entry Personal Name
001 - CONTROL NUMBER
- control field: 11759
003 - CONTROL NUMBER IDENTIFIER
- control field: BD-RjUL
005 - DATE AND TIME OF LATEST TRANSACTION
- control field: 20240213151842.0
008 - FIXED-LENGTH DATA ELEMENTS
- fixed length control field: 240213|| aca||aabn | a|a d
040 ## - CATALOGING SOURCE
- Original cataloging agency: BD-RjUL
- Transcribing agency: BD-RjUL
100 ## - HEADING--PERSONAL NAME
- Personal name: চৌধুরী, সাইফুদ্দীন, সুপারভাইজার
670 ## - SOURCE DATA FOUND
- Source citation: Work cat.: (BD-RjUL)83090: রহমান, মো. আতাউর 9782, বরেন্দ্র রিসার্চ মিউজিয়ামে সংরক্ষিত বাংলার মধ্যযুগীয় মুসলিম শিল্পকলার উপাদান বিশ্লেষণ /, ২০০৬